000 00439nam a2200181Ia 4500
001 24685
005 20260414151100.0
008 260414t2008||||xx |||||||||||||| ||spa||
041 _aESP
082 _a345.721
_bS71
100 _aSoto Coaguila, Carlos Alberto (Dir.)
_eAUT
245 0 _aEl arbitraje en el PerĂº y el mundo
_b
260 _c2008
300 _a
_c24 cm.
650 _aDER
654 _aCDE
942 _cLIB
_dJUS
_fJUS
_2ddc
_n
999 _c24685
_d24685